00398cam a2200157ua 45000010005000000080039000050400009000440820010000531000031000632450053000942500009001472600030001563000017001866530013002036530024002163674111126n ii |||gr||||Z||||||asm cMAIN a491.11 aGoswami, Satyendranarayan,11aPrakrt path manjusacby Satyendranarayan Goswami a1st. aDibrugarh:bBanalata,992. a167p:c23cm. aAssamese aPrakrt path manjusa